The Americas (except US) Geography by Letter - D - Statistics

General Stats
  • This quiz has been taken 522 times
  • The average score is 7 of 12
Answer Stats
Hint Answer % Correct
Second half of the capital of the above, Santo ___________ Domingo
95%
A Caribbean country (or two) Dominican Republic
93%
Language spoken on the ABC islands and Suriname among other places. Dutch
89%
Atacama or the Arctic. Desert
84%
Fighting the deBeers-Russian monopoly, Canada is the sixth largest producer of this mineral Diamond
61%
Town in the Falkland Islands named after a scientist on the HMS Beagle Darwin
60%
A Mexican city and state or a Dodge SUV Durango
55%
Also known as the Sea of Hoces, this passage between South America is named after an English privateer. Drake Passage
45%
A gap in the Pan American Highway along the Panama Colombian border. Darien Gap
28%
Klondike gold rush city Dawson
25%
Body of water separating Greenland from Baffin Island Davis Strait
17%
First Nations group living in the North West Territories Dene
9%
No matching quizzes found
Score Distribution
Percent of People with Each Score
Percentile by Number Answered
Your Score History
You have not taken this quiz